Elementos de geografía descriptiva : tercer curso (Plan 1938)

Gespeichert in:
Bibliographische Detailangaben
1. Verfasser: Bermejo de la Rica, Antonio .
Format: Buch
Sprache:Spanisch
Erschienen: Madrid : García Enciso, 1943
Ausgabe:Nueva ed. ilustrada
Katalog:MANES:  Suchergebnis im Bibliothekskatalog
Schulbuchspezifische Eigenschaften:
Tags: Tag hinzufügen
Keine Tags, Fügen Sie den ersten Tag hinzu!
Hinzugefügt zu:29.11.1999
Geändert in:07.05.2025

MARC

LEADER 00000cam a2200000 i 4500
005 20250507134546.0
008 000000s1943 espao fp 000 0 spa d
040 |a uned  |b spa  |c entro-manes 
100 1 |a Bermejo de la Rica, Antonio .  |9 36810 
245 1 0 |a Elementos de geografía descriptiva :   |b tercer curso (Plan 1938) /   |c Antonio Bermejo de la Rica 
250 |a Nueva ed. ilustrada 
260 |a Madrid :   |b García Enciso,   |c 1943   |f (Imprenta Helénica) 
300 |a 127 p., [XX] p. de lám.:   |b il. 
500 |a En la port.: Obra aprobada por el Ministerio de Educación Nacional 
546 |a España 
561 |5 es-BUNED  |3 L.T. 4217  |a España. Fondo Manes UNED  |k MANES 
690 0 |a GEO 
691 0 |a SE 
942 |2 ddc  |c BK 
999 |c 97255  |d 97255 
999 |c manes:97255  |d 97255